Southville International School and Colleges
Your cart is empty.
  • Cart
  • Lists
    Public lists Eva Luna New books Lux_list list_1
    Your lists Log in to create your own lists
  • Log in to your account
  • Your cookies
  • Search history
Southville International School and Colleges
  • Advanced search
  • Recent comments
  • Most popular
  • Libraries

Log in to your account

Log in with GOOGLE


If you do not have an external account, but do have a local account, you can still log in:

  1. Home
  2. MARC view: Financial Accounting
Normal view MARC view ISBD view

Financial Accounting (Record no. 367354)

[ view plain ]
MARC details
000 -LEADER
fixed length control field 00585nam a22001817a 4500
003 - CONTROL NUMBER IDENTIFIER
control field 0
005 - DATE AND TIME OF LATEST TRANSACTION
control field 20250331103512.0
008 - FIXED-LENGTH DATA ELEMENTS--GENERAL INFORMATION
fixed length control field 250331b xxu||||| |||| 00| 0 eng d
020 ## - INTERNATIONAL STANDARD BOOK NUMBER
International Standard Book Number 978-1-77469-704-7
050 ## - LIBRARY OF CONGRESS CALL NUMBER
Classification number HF 5635
Item number .K53 2024
100 ## - MAIN ENTRY--PERSONAL NAME
Personal name Khandelwal, Risha
245 ## - TITLE STATEMENT
Title Financial Accounting
Statement of responsibility, etc Risha Khandelwal
260 ## - PUBLICATION, DISTRIBUTION, ETC. (IMPRINT)
Place of publication, distribution, etc Canada
Name of publisher, distributor, etc Toronto Academic Press
Date of publication, distribution, etc 2024
300 ## - PHYSICAL DESCRIPTION
Extent xviii, 251 pages:
Other physical details colored illustration and pictures;
Dimensions 25cm.
504 ## - BIBLIOGRAPHY, ETC. NOTE
Bibliography, etc Includes bibliographical references and index.
650 ## - SUBJECT ADDED ENTRY--TOPICAL TERM
Topical term or geographic name as entry element Accounting​--financial accounting.
942 ## - ADDED ENTRY ELEMENTS (KOHA)
Source of classification or shelving scheme Library of Congress Classification
Koha item type Books
Holdings
Withdrawn status Lost status Source of classification or shelving scheme Damaged status Home library Current library Shelving location Date acquired Source of acquisition Sub Shelving location Total Checkouts Full call number Barcode Date last seen Price effective from Koha item type
    Library of Congress Classification   College Library College Library Graduate Section 03/31/2025 Library Fund     HF 5635 .K53 2024 C24301 03/31/2025 03/31/2025 Books

Financial Accounting

APA

Khandelwal R., . (2024). Financial Accounting. Canada: Toronto Academic Press.

Chicago

Khandelwal Risha, . 2024. Financial Accounting. Canada: Toronto Academic Press.

Harvard

Khandelwal R., . (2024). Financial Accounting. Canada: Toronto Academic Press.

MLA

Khandelwal Risha, . Financial Accounting. Canada: Toronto Academic Press. 2024.

  • Place hold
  • Print
  • Cite
  • Add to your cart (remove)
  • Save record
    BIBTEX Dublin Core MARCXML MARC (non-Unicode/MARC-8) MARC (Unicode/UTF-8) MARC (Unicode/UTF-8, Standard) MODS (XML) RIS
  • More searches
    Search for this title in:
    Other Libraries (WorldCat) Other Databases (Google Scholar) Online Stores (Bookfinder.com) Open Library (openlibrary.org)

Exporting to Dublin Core...

SOUTHVILLE LIBRARY

Southville International School and Colleges Library

1281 Tropical Ave. Cor. Luxembourg St., BF Homes International, Las Pinas City

Tel. No. 8256374 / 252358 Loc. 117/146

Powered by Koha